| 000 | 00372nam a22001457a 4500 | ||
|---|---|---|---|
| 005 | 20260218105115.0 | ||
| 008 | 260218b |||||||| |||| 00| 0 eng d | ||
| 020 | _a13:978-0-374-30374-7 | ||
| 050 | _aPZ 7.H63 2007 | ||
| 100 | _aHOBBS VALERIE | ||
| 245 | _aANYTHING BUT ORDINARY | ||
| 260 |
_aNEWYORK _bFRANCES FOSTER BOOKS _c2007 |
||
| 300 | _aX,168 | ||
| 942 |
_2lcc _cBK |
||
| 999 |
_c216586 _d216586 |
||